000 00528nam a2200193Ia 4500
003 OSt
005 20221007083309.0
006 a|||||r|||| 00| 0
007 ta
008 221006b |||||||| |||| 00| 0 eng d
024 _a23,271
037 _cTheseses
040 _aFLL
_cFLL
_beng
041 _2eng
_aeng
100 _aDimri Brij Mohan
_9700566
245 0 _aLaw of the sea and its implication for naval strategy and diplomacy Indian perspective
942 _cDIS
_2CC
999 _c1169561
_d1169561